Méditations poétiques

Gespeichert in:
Bibliographische Detailangaben
1. Verfasser: Lamartine, Alphonse de
Format: Buch
Sprache:Undetermined
Veröffentlicht: París, Francia Payot 1925
Schlagworte:
Tags: Tag hinzufügen
Keine Tags, Fügen Sie den ersten Tag hinzu!

MARC

LEADER 00000nam a2200000Ia 4500
008 170316s9999 xx 000 0 und d
040 |a cru BVZT 
090 |a 840 L-2m 
100 |a Lamartine, Alphonse de 
245 |a Méditations poétiques 
260 |a París, Francia 
260 |b Payot 
260 |c 1925 
300 |a 306 páginas 
650 |a LITERATURA FRANCESA 
999 |c 7763  |d 7763 
942 |c 15 D  |h 840 L-2m  |2 z